LEADER 01433nam a2200325 u 4500 001 000000006778 003 CaOOAMICUS 005 20070226104918.0 008 950311s1978 enk u000 u eng u 020 $a0198266456 :$c£7.50 035 $a10176327 040 $aPUL$bita 082 $a270.1/092/4 100 1 $aOgilvie, R. M.$q(Robert Maxwell),$d1932-$0(OLS)http://pul/name/6881 245 14$aThe library of Lactantius /$cby R. M. Ogilvie. 260 $aOxford :$bClarendon Press,$c1978. 300 $aviii, [2], 121 p. ;$c22 cm 504 $aIncludes bibliographical references and index. 600 14$aLactantius Firmianus, Lucius Caecilius,$dc. 245-c. 323.$0(OLS)http://pul/subject/8961 650 0$aClassical literature$xHistory and criticism.$2//eng$0(OLS)http://pul/subject/6023 650 0$aChristian literature, Early$xHistory and criticism.$2//eng$0(OLS)http://pul/subject/4459 850 $aPUL 852 $aPUL$W1$xSL Religione 1$y3$m24 B 46$j9580$nBK-PRI$b $qStampati$B9580$CPULBib$Z2$F9580 $H $81 941 1 $a8 960 $aLattanzio,$dc. 245-c. 323$98961 961 $aINV: 47846 996 $6020$a0198266456 :$c£7.50$9(OLS)http://pul/number/8758 996 $6082$a270.1/092/4$9(OLS)http://pul/classification/161 996 $6245$aThe library of Lactantius$9(OLS)http://pul/title/9950 996 $6260$aOxford :$bClarendon Press$9(OLS)http://pul/publisher/48412 LEADER 01715nam a2200349 a 4500 001 000000018226 003 CaOOAMICUS 005 20100608133635.0 008 941203s1978 be u000 u lat r 035 $a10428570 040 $aPUL(R)$bita$delep 041 0 $alat$afre 100 0 $aIohannes Scotus Eriugena,$dc. 810-c. 877.$0(OLS)http://pul/name/3157 240 10$aDe divina praedestinatione.$lLatino.$0(OLS)http://pul/title/26008 245 10$aIohannis Scotti De divina praedestinatione liber /$cedidit Goulven Madec. 260 $aTurnholti :$bBrepols,$c1978. 300 $axix, 278 p. ;$c25 cm 490 1 $aCorpus Christianorum.$aContinuatio Mediaevalis ;$v50 500 $a"Index verborum": p. [160]-278. 504 $aBibliografia: p. [xviii]-xix. 546 $aTesto in latino, introduzione in francese. 700 1 $aMadec, Goulven.$0(OLS)http://pul/name/9551 776 1 $aIohannes Scotus Eriugena, c. 810-c. 877.$tDe divina praedestinatione.$dTurnholti : Brepols, 1982.$kCorpus Christianorum. Continuatio Mediaevalis$kCorpus Christianorum. Instrumnta Lexiicologica Latina. Series A$w()123652 830 0$aCorpus Christianorum.$pContinuatio Mediaevalis ;$v50.$0(OLS)http://pul/title/6 850 $aPUL 852 $aPUL$W1$xSL Cons. Gen., Altre Classi 1$y1$m2008 B 1.50$j140203$nBK-PRI$qStampati$q $B25661$CPULBib$Z2$F25661 $H46073 $81 900 $aEriugena, Iohannes Scotus,$dc. 810-c. 877$93157 900 $aGiovanni Scoto,$dc. 810-c. 877$93157 941 1 $a8 961 $aINV: 46073 996 $6245$aIohannis Scotti De divina praedestinatione liber$9(OLS)http://pul/title/26009 996 $6260$aTurnholti :$bBrepols$9(OLS)http://pul/publisher/47842